000 00722nam a22002297i 4500
003 URS
005 20230817135758.0
008 180530b xxu||||| |||| 00| 0 eng d
040 _erda
_cURS
_beng
050 1 4 _aHD9000.5
_b.D8323 1971
100 1 _aDrilon, J.D.
_cJr.
_eauthor.
245 1 0 _aAgribusiness management resource materials /
_cJ. D. Drilon, Jr.
264 1 _aTokyo :
_bAsian Productivity Organization,
_c[date of publication not identified].
264 4 _c©1971.
300 _a236 pages ;
_c22 cm.
336 _2rdacontent
_atext
337 _2rdamedia
_aunmediated
338 _2rdacarrier
_avolume
650 0 _aAgriculture
_xEconomic aspects
650 0 _aAgricultural industries
_zAsia
942 _cFR
_2lcc
999 _c72484
_d72483